| 000 | 00826cam a2200277 i 4500 | ||
|---|---|---|---|
| 001 | 3699734 | ||
| 003 | OSt | ||
| 005 | 20250901165818.0 | ||
| 008 | 790906s1980 nyu 000 1 eng | ||
| 010 | _a 79021270 | ||
| 020 | _a069811017X | ||
| 040 |
_aDLC _cDLC _dDLC _dOCoLC _dDLC |
||
| 043 |
_an-us-ny _an-us--- |
||
| 050 | 0 | 0 |
_aPZ 4 .S1298 Nak 1980 _bNak _aPS3569.A365 |
| 082 | 0 | 0 | _a813/.5/4 |
| 100 | 1 | _aSagola, Mario J. | |
| 245 | 1 | 4 |
_aThe naked bishop / _cMario J. Sagola. |
| 260 |
_aNew York : _bCoward, McCann & Geoghegan, _cc1980. |
||
| 300 |
_a282 p. ; _c24 cm. |
||
| 650 | 0 |
_aGovernment investigators _xFiction. |
|
| 650 | 0 |
_aMafia _xFiction. |
|
| 651 | 0 |
_aNew York (State) _vFiction. |
|
| 655 | 7 |
_aDetective and mystery stories. _2gsafd |
|
| 906 |
_a7 _bcbc _corignew _d1 _eocip _f19 _gy-gencatlg |
||
| 942 |
_2lcc _cBK |
||
| 999 |
_c9549 _d9549 |
||